00561 2200193 4500001002100000005001500021035002000036008004100056245004200097100001800139260005400157300002600211084002200237082001200259650003300271863002500304020001800329990002000347INLIS00000000000414820260506033643 a0010-0225000074260506 0 ind 1 aDasar-dasar Manajemen /cM. Manullang aManullang, M. aYogyakarta :bGadjah Mada University Press,c2005 a2019 hlm. ;c15x21 cm a658.001 MAN D C.1 a658.001 4aFilsafat dan Teori Manajemen aSejarah Perpustakaan a979-420-500-1 a250111200007242